Curriculum development in the Philippine setting (Record no. 84780)

MARC details
000 -LEADER
fixed length control field 00673nam a22002297a 4500
003 - CONTROL NUMBER IDENTIFIER
control field URS
005 - DATE AND TIME OF LATEST TRANSACTION
control field 20250828100457.0
008 - FIXED-LENGTH DATA ELEMENTS--GENERAL INFORMATION
fixed length control field 250407b ||||| |||| 00| 0 eng d
020 ## - INTERNATIONAL STANDARD BOOK NUMBER
International Standard Book Number 971-08-4607-8
040 ## - CATALOGING SOURCE
Transcribing agency URS
050 ## - LIBRARY OF CONGRESS CALL NUMBER
Classification number LB2361
Item number .An25 1989
100 1# - MAIN ENTRY--PERSONAL NAME
Personal name Andres, Tomas Quintin D.
245 ## - TITLE STATEMENT
Title Curriculum development in the Philippine setting
264 ## - PRODUCTION, PUBLICATION, DISTRIBUTION, MANUFACTURE, AND COPYRIGHT NOTICE
Place of production, publication, distribution, manufacture Mandaluyong City
Name of producer, publisher, distributor, manufacturer National Book Store
Date of production, publication, distribution, manufacture, or copyright notice ©1989
300 ## - PHYSICAL DESCRIPTION
Extent xviii, 230 pages
Dimensions 22 cm
336 ## - CONTENT TYPE
Source rdacontent
Content type term text
337 ## - MEDIA TYPE
Source rdamedia
Media type term unmediated
338 ## - CARRIER TYPE
Source rdacarrier
Carrier type term volume
650 #0 - SUBJECT ADDED ENTRY--TOPICAL TERM
Topical term or geographic name entry element Education
9 (RLIN) 12168
General subdivision Philosophy -- Curricula.
700 1# - ADDED ENTRY--PERSONAL NAME
Personal name Francisco, Felizardo Y.
942 ## - ADDED ENTRY ELEMENTS (KOHA)
Koha item type Filipiniana
Source of classification or shelving scheme Library of Congress Classification
Holdings
Withdrawn status Source of classification or shelving scheme Damaged status Not for loan Collection code Home library Current library Date acquired Total Checkouts Full call number Barcode Date last seen Price effective from Koha item type
  Library of Congress Classification     Non-fiction Morong Graduate Library Morong Graduate Library 11/11/2014   LB2361 .An25 1989 URSMOR-GL-1058 11/11/2014 03/01/2019 Filipiniana
  Library of Congress Classification     Non-fiction Morong Graduate Library Morong Graduate Library 11/11/2014   LB2361 .An25 1989 URSMOR-GL-1059 11/11/2014 03/01/2019 Filipiniana
  Library of Congress Classification     Non-fiction Morong Graduate Library Morong Graduate Library 04/07/2025   LB2361 .An25 1989 URSMOR-GL-3275 04/07/2025 04/07/2025 Filipiniana

University of Rizal System
Email us at univlibservices@urs.edu.ph

Visit our Website www.urs.edu.ph/library